000 00552nam a2200193 i 4500
001 8722
003 ES-MaACL
005 20230906145521.0
007 t|
008 920826s1980 sp ||||1| spa d
020 _a84-300-2388-7
080 _a86-14"19"
080 _a86(Mediel Gil,J.7 V.01)
100 1 _aMediel Gil, José.
_979685
245 1 0 _aVersos diversos /
_cJosé Mediel Gil.
260 _a[Zaragoza?] :
_bJ. Mediel Gil,
_cD.L. 1980 (
_eZaragoza :
_fGráficas Alcor)
300 _a47 p. ;
_c21 cm.
852 _aES-MaACL
_j2145-F-18
_bR.117824
999 _c8722
_d8722